000 00714nam a2200241 i 4500
001 C2-0280105
003 PPAK
005 20180728011136.0
008 070617s2006 my a|||| ||||| | may d
020 _a9833603491
040 _aPPAK
_beng
_cPPAK
_erda
082 0 4 _a741.5
_223
090 0 0 _a741.5
_bIMU
_dG
100 0 _aImuda,
_eauthor
245 1 0 _aPi mai pi mai tang tu :
_bkoleksi terbaik Imuda
264 1 _aKuala Lumpur :
_bPTS Millennia ,
_c2006
300 _a138 pages :
_billustrations ;
_c18 cm
336 _2rdacontent
_atext
337 _2rdamedia
_aunmediated
338 _2rdacarrier
_avolume
650 1 0 _aImuda, 1959- --Caricatures and cartoons ; Caricatures and cartoons
942 _ddc
_cB
999 _c86675
_d86675